000 00487nam a2200157Ia 4500
008 210716s2011 xx 000 0 und d
020 _a9780070263598
041 _aeng
082 _a153.94 AGGR
100 _aTrivedi, Kashyap R;Trivedi, Chirag J.
245 _aQuantitative aptitude: for CA common proficiency test.
_bFor CA common proficiency test.
250 _a1
260 _aNew Delhi
_bTata McGraw Hill Publishing Company Ltd
_c2011
300 _a726
650 _aAptitude Test
999 _c193135
_d193135